Process systems analysis and control (Record no. 13580)

000 -LEADER
fixed length control field 00605nam a22002171 4500
001 - CONTROL NUMBER
control field 13580
003 - CONTROL NUMBER IDENTIFIER
control field BD-DhUET
008 - FIXED-LENGTH DATA ELEMENTS--GENERAL INFORMATION
fixed length control field 730306s1965 nyua b 000 0 eng
040 ## - CATALOGING SOURCE
Original cataloging agency DLC
Transcribing agency DLC
Modifying agency BD-DhUET
082 ## - DEWEY DECIMAL CLASSIFICATION NUMBER
Classification number 660.284
Item number COU/1965
100 1# - MAIN ENTRY--PERSONAL NAME
Personal name Coughanowr, Donald R.
245 10 - TITLE STATEMENT
Title Process systems analysis and control
250 ## - EDITION STATEMENT
Edition statement 1st ed.
260 ## - PUBLICATION, DISTRIBUTION, ETC. (IMPRINT)
Place of publication, distribution, etc. New York
Name of publisher, distributor, etc. McGraw-Hill
Date of publication, distribution, etc. 1965
300 ## - PHYSICAL DESCRIPTION
Extent xii, 491 p.
Other physical details illus.
Dimensions 23 cm.
490 ## - SERIES STATEMENT
Series statement McGraw-hill chemical engineering series
504 ## - BIBLIOGRAPHY, ETC. NOTE
Bibliography, etc Includes bibliographies
650 #0 - SUBJECT ADDED ENTRY--TOPICAL TERM
Topical term or geographic name as entry element Industrial process
700 ## - ADDED ENTRY--PERSONAL NAME
Personal name Koppel, Lowell B.
942 ## - ADDED ENTRY ELEMENTS (KOHA)
Koha item type General Book
Holdings
Price effective from Date acquired Source of classification or shelving scheme Koha full call number Koha normalized classification for sorting Location (home branch) Not for loan Damaged status Copy number Koha date last seen Sublocation or collection (holding branch) Piece designation (barcode) Koha item type Withdrawn status Shelving location Lost status
2015-03-032015-03-03 660.284/COU/1965660_284000000000000_COU_1965Central Library, BUET  12015-03-03Central Library, BUET29691General Book Circulation section 
2015-05-112015-05-11 660.284/COU/1965660_284000000000000_COU_1965Central Library, BUET  22015-05-11Central Library, BUET17867General Book Circulation section 
2015-05-112015-05-11 660.284/COU/1965660_284000000000000_COU_1965Central Library, BUET  32015-05-11Central Library, BUET17870General Book Circulation section 
2015-06-212015-06-21 660.284/COU/1965660_284000000000000_COU_1965Central Library, BUET  42015-06-21Central Library, BUET29702Reading Item Reading section 
2015-06-212015-06-21 660.284/COU/1965660_284000000000000_COU_1965Central Library, BUET  52015-06-21Central Library, BUET18753Reading Item Reading section 
2015-06-212015-06-21 660.284/COU/1965660_284000000000000_COU_1965Central Library, BUET  62015-06-21Central Library, BUET17868Reading Item Reading section